00566nam a22001817a 450000500170000001000150001702000260003202000230005803500140008103700130009508200150010810000170012324500710014026000450021127000640025630000240032050000400034420161108155029.0 aENG-116481 c795.00a9780199458066 c795.00a0199458065 aEN-100013 bDBAD/PUB a342.540852 aFarrah Ahmad aReligion freedom under the personal law system /cby Farrah Ahmed aNew DelhibOxford University Pressc2016 aYMCA Library Building, 1 Jai Singh Road,bNew Delhie110001 axxi,243p.c23cm(Hb) a Includes bibliographical reference